Featuring third asian fisheries forum and fishasia'92 : The Asian aquaculture and fisheries exposition

Сохранить в:
Библиографические подробности
Формат:
Язык:Undetermined
Опубликовано: Singapore National University of Singapore 1992
Предметы:
Метки: Добавить метку
Нет меток, Требуется 1-ая метка записи!
Thư viện lưu trữ: Trung tâm Học liệu Trường Đại học Cần Thơ
LEADER 00524nam a2200169Ia 4500
001 CTU_149486
008 210402s9999 xx 000 0 und d
082 |a 011.7 
082 |b F532 
245 0 |a Featuring third asian fisheries forum and fishasia'92 : 
245 4 |b The Asian aquaculture and fisheries exposition 
260 |a Singapore 
260 |b National University of Singapore 
260 |c 1992 
650 |a Fisheries,Nghề cá 
904 |i Nguyên 
980 |a Trung tâm Học liệu Trường Đại học Cần Thơ